| 000 | 01372pam a2200373 a 4500 | ||
|---|---|---|---|
| 001 | 2997572 | ||
| 003 | ost | ||
| 005 | 20140311163201.0 | ||
| 008 | 930811s1994 nyua j 000 0beng | ||
| 010 | _a 93031867 | ||
| 020 | _a0590621874 | ||
| 020 |
_a0590621874 _c$3.50 ($4.50 Can.) |
||
| 040 |
_aDLC _cDLC _dDLC |
||
| 042 | _alcac | ||
| 043 | _an-us--- | ||
| 050 | 0 | 0 |
_aE 457.905 _b.B74 1996 |
| 100 | 1 |
_aBrenner, Martha. _923918 |
|
| 245 | 1 | 0 |
_aAbe Lincoln's hat / _cMartha Brenner ; illustrated by Donald Cook. |
| 260 |
_aNew York : _bRandom House, _c1996. |
||
| 300 |
_a48 p. : _bcol. ill. ; _c23 cm. |
||
| 440 | 0 |
_aStep into reading. _pStep 2 book _923919 |
|
| 521 | _aG2 | ||
| 526 | _c330 | ||
| 541 | _j1 | ||
| 600 | 1 | 0 |
_aLincoln, Abraham, _d1809-1865 _vJuvenile literature. _923920 |
| 650 | 0 |
_aPresidents _zUnited States _vBiography _vJuvenile literature. _923921 |
|
| 650 | 0 |
_aHats _vJuvenile literature. _923922 |
|
| 700 | 1 |
_aCook, Donald, _eill. _923923 |
|
| 856 | 4 | 2 |
_3Publisher description _uhttp://www.loc.gov/catdir/description/random042/93031867.html |
| 906 |
_a7 _bcbc _corignew _d1 _eocip _f19 _gy-gencatlg |
||
| 942 |
_2lcc _cBK |
||
| 999 |
_c42490 _d42490 |
||